Les 10 plus grands états des États-Unis - Statistiques

Statistiques générales
  • Ce quiz a été pris 72 fois
  • Le résultat moyen est 7 sur 10
Statistiques - réponses
Superficie État % Correct
692 000 km² Texas
98%
411 000 km² Californie
97%
1 518 000 km² Alaska
90%
295 000 km² Arizona
68%
315 000 km² Nouveau-Mexique
68%
286 000 km² Nevada
62%
270 000 km² Colorado
60%
381 000 km² Montana
49%
253 000 km² Wyoming
44%
250 000 km² Michigan
33%
Aucun quiz correspondant
Distribution des résultats
% des personnes avec chaque résultat
Percentile par nombre de réponses
Votre historique - résultats
Vous n’avez pas pris ce quiz